|
|
|
|
| LEADER |
00000ctm a22000007a 4500 |
| 001 |
5731 |
| 003 |
CZ-ZlUTB |
| 005 |
20240830152420.0 |
| 008 |
040728s2004^ xr ||||| ||||| |||||cze|d |
| 040 |
|
|
|a ZLD002
|b cze
|c ZLD002
|d ZLD002
|
| 080 |
|
|
|a 004.738.5
|2 v
|
| 100 |
1 |
|
|a Dvořáková, Martina
|4 dis
|
| 245 |
1 |
0 |
|a Historie, současnost a perspektivy propagace na Internetu
|h [rukopis] :
|b bakalářská práce /
|c Martina Dvořáková ; [vedoucí bakalářské práce Štěpán Prachař]
|
| 260 |
|
|
|c 2004
|
| 300 |
|
|
|a 65 l. :
|b il.
|
| 650 |
0 |
7 |
|a World Wide Web
|7 ph117165
|2 czenas
|
| 650 |
0 |
4 |
|a formáty
|
| 650 |
0 |
7 |
|a dějiny
|7 ph114390
|2 czenas
|
| 650 |
0 |
7 |
|a internet
|7 ph117022
|2 czenas
|
| 650 |
0 |
7 |
|a internetový marketing
|7 ph137251
|2 czenas
|
| 650 |
0 |
4 |
|a propagace
|
| 650 |
0 |
4 |
|a standardizace
|
| 650 |
0 |
4 |
|a trendy
|
| 650 |
0 |
4 |
|a České sdružení pro internetovou reklamu (SPIR)
|
| 655 |
|
4 |
|a bakalářská práce
|
| 700 |
1 |
|
|a Prachař, Štěpán
|4 ths
|
| 710 |
2 |
|
|a Univerzita Tomáše Bati ve Zlíně.
|b Fakulta multimediálních komunikací.
|b Katedra marketingových komunikací
|4 dgg
|
| 952 |
|
|
|0 0
|1 0
|4 0
|6 D2004DVOŘÁKOVÁM
|7 0
|8 MANUS
|9 9561
|a UTBZL
|b UTBZL
|c 001
|d 2006-07-29
|l 0
|o D2004/DVOŘÁKOVÁ,M.
|p 420010086476
|r 2019-08-25 00:00:00
|w 2019-08-25
|x N:povinný výtisk | 20100831
|y 12
|
| 992 |
|
|
|a DS
|
| 999 |
|
|
|c 5731
|d 5731
|
| 993 |
|
|
|x NEPOSILAT
|y VSKP
|